000 00435nam a2200157Ia 4500
008 210716s1995 xx 000 0 und d
020 _a8185814554
041 _aeng
082 _a005.3 CHAU
100 _aChakraborty, Uday K; Dastidar, D Ghosh.
245 _aSoftware and systems: an introduction.
_bIntroduction.
250 _a1
260 _aNew Delhi
_bWheeler Publishing
_c1995
300 _axi,218
650 _aPrograms(005.3)
999 _c183061
_d183061